| 000 | 00495nam a2200181Ia 4500 | ||
|---|---|---|---|
| 005 | 20241003005702.0 | ||
| 008 | 240331s9999 xx 000 0 und d | ||
| 020 | _a9789554563209 | ||
| 082 |
_bNIL _a811 |
||
| 245 | 0 |
_aPulse : _b an anthology of trilingual poetry |
|
| 260 |
_aKelaniya _bCentre for gender Studies, University of Kelaniya _c2014 |
||
| 300 | _a111 p ., | ||
| 650 | _aPolitics | ||
| 650 | _aCulture | ||
| 650 | _aSexual Rights | ||
| 700 |
_aNiles, Sabreena. _eedt |
||
| 942 | _cL | ||
| 999 |
_c5855 _d5855 |
||